| 000 | 00686nam a2200229 a 4500 | ||
|---|---|---|---|
| 001 | 4702 | ||
| 003 | CDMR | ||
| 005 | 20140902174740.0 | ||
| 008 | 130130s1993||||sp |||||||||||||||||spa|d | ||
| 020 | _a8476762380 | ||
| 040 |
_aCDMR _bcat _cCPC GIRONA |
||
| 100 | 1 |
_93225 _aMeyer, Philip |
|
| 245 |
_aPeriodismo de precisión _b: nuevas fronteras para la investigación periodística _cPhilip Meyer |
||
| 250 | _a1a ed. | ||
| 260 |
_aBarcelona _bBosch _c1993 |
||
| 300 | _a330 p. | ||
| 490 | 0 |
_aBosch Comunicación _v5 |
|
| 650 | 0 | 4 |
_92272 _aPeriodisme _xInnovacions tecnològiques |
| 650 | 0 | 4 |
_93136 _aGestió de la informació |
| 650 | 0 | 4 |
_93238 _aPeriodisme de precisió |
| 942 |
_cMON _2udc |
||
| 999 |
_c4702 _d4702 |
||